Bardzo trudny quiz z geografiii świata. - Statystyki

Ogólne statystyki
  • Ten quiz został rozwiązany 132 razy
  • Średni wynik to 13 z 16
Statystyki odpowiedzi
Obrazkowy Odpowiedź % Poprawnych
Seszele
95%
Uganda
92%
Kirgistan
90%
Dominika
87%
Mauretania
85%
Palau
85%
Nauru
84%
Gwatemala
82%
Kiribati
82%
Erytrea
78%
Saint Lucia
77%
Tonga
75%
Timor Wschodni
74%
Vanuatu
74%
Namibia
73%
Suazi
57%
Nie znaleziono quizów pasujących do podanych kryteriów
Rozkład punktacji
Procent ludzi z każdym wynikiem
Percentyl według liczby udzielonych odpowiedzi
Twoja historia wyników
Nie rozwiązałeś tego quizu